zpět

Detail výsledku týmu

Žumpa Pivnice, Ústí nad Labem

Datum a čas kvízu

30 Celkem bodů Celkový počet nahraných bodů na tomto kvízu bez doplňovacích otázek.
4. Pořadí na kvízu Konečné umístění týmu na tomto kvízu.

Zaznamenané odpovědi

# Otázka Odpověď Body Výsledky
1. Praha plánuje přejmenovat námě... Boris Němcov 1
2. Když policejní oddělení v Seve... Sauron 1
3. Obvykle se naše aktuální událo... Ivan Král 0
4. Svět mobilních telefonů minulý... Blackberry 1
5. V úterý se konalo finále hokej... (Mountfield HK) Hradec Králové, Frölunda (HC Indians) 0
6. Další díl naší cesty kolem svě... Washington, Wisconsin, Wyoming 1
7. Tento americký generál a indiá... George Cluster, Sedící býk (Sitting Bull) 1
8. Fakt, že se ve Spojených státe... 1C 2B 3D 4A 1
9. Která řeka "vyřezala" do kraji... A 1
10. Ze Spojených států pochází nep... Katy Perry 1